000
00301nam a2200133Ia 4500
008
231129s1967||||xx |||||||||||||| ||spa||
040
_b
spa
082
_a
M863 P116m
100
_a
Pacheco José Emilio
245
0
_a
Morirás lejos
260
_c
1967
264
_a
Joaquin Mortiz
942
_2
ddc
_c
BKS
999
_c
21407
_d
21407